banner-ar

يوسف شاهين : (Record no. 60147)

MARC details
000 -الفاتح
حقل البيانات ثابتة الطول 00822nam a22002417a 4500
005 - وقت وتاريخ اخر تعامل مع التسجيلة
رقم الضبط 20240530110355.0
008 - عناصر البيانات ثابتة الطول - معلومات عامة
حقل البيانات ثابتة الطول 150105s2009 ua o f 000 0 ara d
017 ## - رقم الايداع القانونى
رقم الايداع القانونى 2008/21974
المصدر ( الهيئة المختصة) مصر . دار الكتب المصرية
020 ## - الرقم الدولى المعيارى للكتب
الرقم الدولى المعيارى للكتاب 9789770925670
040 ## - مصدر الفهرسة
وكالة الفهرسة الأصلية EG-CaGPL
041 0# - رمز اللغة
رمز لغة النص/ المسارات الصوتية أو العنوان الانفرادي ara
082 04 - رقم تصنيف ديوى العشرى
رقم الطبعة 21
رقم التصنيف 791.430962\
رقم المادة إ ى
100 0# - المدخل الرئيسى - إسم شخصى
الإسم الشخصى ابراهيم العريس
245 10 - بيان العنوان
العنوان يوسف شاهين :
بقية العنوان نظرة الطفل و قبضة المتمرد /
بيان المسئوليه,etc ابراهيم العريس
250 ## - بيان الطبعة
بيان الطبعة ط 1
260 ## - PUBLICATION, DISTRIBUTION, ETC. (IMPRINT)
تاريخ النشر أو التوزيع 2009
300 ## - الوصف المادى
التعداد 317 ص :
تفاصيل ماديه اخرى للوعاء صور ؛
أبعاد الوعاء 24 سم
600 0# - المدخل الاضافى بالموضوع-اسم شخصى
الإسم الشخصى يوسف شاهين
600 0# - المدخل الاضافى بالموضوع-اسم شخصى
الإسم الشخصى يوسف شاهين
التقسيم الفرعي العام افلام
600 0# - المدخل الاضافى بالموضوع-اسم شخصى
الإسم الشخصى يوسف شاهين
التقسيم الفرعي العام صور
942 ## - عناصر المدخل الإضافي( كوها)
مصدر التصنيف او مخطط الترفيف Dewey Decimal Classification
Koha [default] item type كتاب
260 ## - PUBLICATION, DISTRIBUTION, ETC. (IMPRINT)
-- القاهرة :
-- دار الشروق ،
Holdings
حالة التراجع حالة الفقد حالة تلف ليس للاعارة المكان المؤقت الموقع الحالى تاريخ الاكتساب اجمالي اﻻعارات رقم الطلب الباركود تاريخ اخر مشاهدة تاريخ تفعيل السعر نوع وعاء كوها
        مكتبة القاهرة الكبرى مكتبة القاهرة الكبرى 01/05/2015   791.430962\ إ ى 159142 01/05/2015 01/05/2015 كتاب

Powered By

EGPV